| 000 | 00369cam a2200145ua 4500 | ||
|---|---|---|---|
| 003 | OSt | ||
| 008 | 250812b |||||||| |||| 00| 0 eng d | ||
| 041 | _aeng | ||
| 082 |
_a627.01 _bBHA/EN |
||
| 100 |
_aBhatt, S . _97696 |
||
| 245 | _aEnvironmental laws and water resources management / | ||
| 260 |
_aNew Delhi : _bRadiant Publishing. |
||
| 300 | _a345 ; . | ||
| 942 | _cBK | ||
| 999 |
_c9334 _d9334 |
||